01153nam a2200193Ia 4500001001100000003001000011008004100021040002500062041001300087100002500100245004100125250001100166260010000177300001200277500026000289501011400549520026000663650003600923L200-54198IT-CnALBA170116s9999||||xx |||||||||||||| ||und|| aIT-CnALBAcIT-CnALBA aITALIANO aFORTE BRUNO, TEOLOGO 0aPICCOLA INTRODUZIONE AI SACRAMENTI.  a1a ed. aCINISELLO BALSAMO (MI)bPERIODICI SAN PAOLO ED. c1994 [1° Ed.:1994 - Ed.Ling.Originale: 1994] a112 p.  aPRESENTAZIONE. DOVE ABITA DIO? CRISTO SACRAMENTO DI DIO. CHIESA SACRAMENTO DI CRISTO. SACRAMENTI DELLA CHIESA. SERVIZIO COMUNIONE. PENITENZA O RICONCILIAZIONE. UNZIONE INFERMI. ORDINE SACRO. MATRIMONIO PREGHIERA E SACRAMENTI. VIVERE I SACRAMENTI. PER IL D aSocietà San Paolo EM - Piazza San Paolo, 14 - 12051 ALBA (CN) (non commercial uses only) ® Copyright 2017 aPRESENTAZIONE. DOVE ABITA DIO? CRISTO SACRAMENTO DI DIO. CHIESA SACRAMENTO DI CRISTO. SACRAMENTI DELLA CHIESA. SERVIZIO COMUNIONE. PENITENZA O RICONCILIAZIONE. UNZIONE INFERMI. ORDINE SACRO. MATRIMONIO PREGHIERA E SACRAMENTI. VIVERE I SACRAMENTI. PER IL D aRELIGIONE - RELIGIONE CRISTIANA